Versalles : La paz perdida.
Guardado en:
| Formato: | |
|---|---|
| Series: | Entre dos guerras
|
| Materias: | |
| Etiquetas: |
Agregar Etiqueta
Sin Etiquetas, Sea el primero en etiquetar este registro!
|
| LEADER | 00912ngm a22002295g 4500 | ||
|---|---|---|---|
| 001 | CEM.cems021633 | ||
| 008 | 130507b1992##################0###0#####d | ||
| 005 | 20240902162431.0 | ||
| 245 | 0 | 0 | |a Versalles : |b La paz perdida. |
| 300 | |a 23 | ||
| 490 | 0 | |a Entre dos guerras | |
| 500 | |a En soporte VHS, consultar en ventanilla. | ||
| 505 | 0 | |a Conferencia de Paz en Versalles: Clemenceau, Lloyd George, Churchill, Ho Chi Min. Posiciones respectivas. Política exterior de Wilson. Mesianismo. Sucesos sociales y artísticos paralelos. Conclusiones sobre el Tratado. | |
| 538 | |a Soporte: VHS - Norma: Pal N - Color - Grabación Drd 1992 - Hitachi=0000 | ||
| 082 | 9 | 7 | |. 91/SCH-3 |
| 653 | |a HISTORIA | ||
| 653 | |a VERSALLES | ||
| 653 | |a EUROPA-HISTORIA | ||
| 653 | |a EUROPA | ||
| 653 | |a TRATADO DE VERSALLES | ||
| 653 | |a NIVEL SECUNDARIO | ||
| 859 | |a CEMS |b BIB. CEMS - Depto. Recursos Didacticos |h 973.91 |i SCH-3 |k DRD |p 276.12 |t Ej.1 | ||
